| 000 | 00807cab a2200265 4500 | ||
|---|---|---|---|
| 001 | ABS60326 | ||
| 008 | 090401t1999 xxu||||| |||| 00| 0 eng d | ||
| 035 | _a(Sirsi) u92235 | ||
| 041 | _aeng | ||
| 100 | _aYouens, A. | ||
| 245 | _aEnsure the modern lease doesn`t outsmart you | ||
| 260 | _c1999 | ||
| 350 | _a0 | ||
| 490 |
_aProperty Week _v64(10) 12 March 1999, 40-41(2) |
||
| 650 | _aPROPERTY-COMMERCIAL PROPERTY-COMMERCIAL LANDLORD AND TENANT-COMMERCIAL LEASES | ||
| 650 | _aEXPRESS COVENANTS | ||
| 650 | _aIMPLIED COVENANTS | ||
| 650 | _aINSTITUTIONAL LEASES | ||
| 650 | _aLANDLORD AND TENANT (COVENANTS) ACT 1995 | ||
| 650 | _aREPAIRING COVENANTS | ||
| 650 | _aSTATUTORILY IMPLIED COVENANTS | ||
| 690 | _aLANDLORD AND TENANT-BUSINESS TENANCIES | ||
| 942 | _n0 | ||
| 948 | _c19/03/1999 | ||
| 999 |
_c58483 _d58483 |
||